Show me Microsoft Office Access 2003
Αποθηκεύτηκε σε:
| Κύριος συγγραφέας: | |
|---|---|
| Μορφή: | Βιβλίο |
| Γλώσσα: | English |
| Δημοσίευση: |
Indianapolis, Ind. :
Que,
c2003.
|
| Θέματα: | |
| Ετικέτες: |
Προσθήκη ετικέτας
Δεν υπάρχουν, Καταχωρήστε ετικέτα πρώτοι!
|
MARC
| LEADER | 00000cam a2200000 i 4500 | ||
|---|---|---|---|
| 001 | 1/43330 | ||
| 008 | 070423s2003 inu| ||| |||| ||eng|| | ||
| 020 | |a 0789730049 |q (χαρτόδετο) | ||
| 035 | |l 10087576 | ||
| 040 | |a GR-MyUa |b gre |e AACR2 | ||
| 041 | 0 | |a eng | |
| 082 | 7 | |a 005.7565 |2 (22) | |
| 100 | 1 | |a Johnson, Steve, |d 1961- | |
| 245 | 1 | 0 | |a Show me Microsoft Office Access 2003 / |c Steve Johnson. |
| 260 | |a Indianapolis, Ind. : |b Que, |c c2003. | ||
| 300 | |a xviii, 366 σ. : |b εικ. ; |c 24 εκ. | ||
| 500 | |a Περιλαμβάνει ευρετήριο. | ||
| 630 | 0 | 0 | |a Microsoft Access. |
| 650 | 0 | |a Database management. | |
| 852 | |a INST |b SYROS |e 20070423 |h 005.7565 JOH |p 005500007436 |q 005500007436 |t BK |y 620 | ||
| 901 | |a BIBL5-2007-1 | ||
| 922 | |a 5ΕΛΗ |b 200610 |c Βιβλιοθήκη Σύρου |d Glorybook | ||
| 970 | |a Καγιαβά |b Ειρήνη |z 23/04/2007 | ||